000 002480000a22000970004500
100 1 _aWalsh, Jerome T.
245 1 0 _aThe context of 1 Kings 13
300 _aVol. 39, Num. 3 (Julio, 1989), Páginas 355-370
773 0 _tVetus Testamentum
942 _cANA
999 _c57526
_d57526